[Event "59. Rusia ch 2009 Femenino Final"]
[Site "Moscu RUS"]
[Date "2009.12.29"]
[Round "9.3"]
[White "Gunina, Valentina"]
[Black "Galliamova, Alisa"]
[Result "1/2-1/2"]
[WhiteElo "2446"]
[BlackElo "2460"]
[PlyCount "24"]
[EventDate "2009.12.20"]
[EventType "tourn"]
[EventRounds "9"]
[EventCountry "RUS"]
[EventCategory "8"]
[Source "lmi"]
[SourceDate "2009.10.20"]

1. d4 d5 2. c4 c6 3. Nf3 Nf6 4. Nc3 e6 5. Bg5 h6 6. Bxf6 Qxf6 7. e3 Nd7 8. Bd3
Bd6 9. O-O Qe7 10. h3 dxc4 11. Bxc4 O-O 12. e4 e5 1/2-1/2